000 00280nam a22001337a 4500
008 170623b xxu||||| |||| 00| 0 eng d
020 _a978052021372
041 _aeng
080 _a32
100 _a21
101 _aSHP
245 _aEUROPE'S PROMISE
_cHILL,S
942 _2udc
_cBK
999 _c18865
_d18865